000 00528nam a2200205Ia 4500
001 13252
003 GE_BSU
008 181216s||||||||xx |||||||||||||| ||und||
040 _cGE_BSU
080 _a634.8
100 _aМержаниан,А.С.
245 _aВиноградарство
245 _cПод.ред.С.А.Мельника
260 _aМосква
260 _bПищепромиздат
260 _c1954
300 _a523стр.илл.22см.
653 _aВиноградарство
942 _cBK
999 _c46416
_d46416